Frankreich in verschiedenen Sprachen - Statistiken

Allgemein
  • Dieses Quiz wurde 188 mal gespielt
  • Das Durchschnittsergebnis liegt bei 11 aus 16
Antwortstatistiken
Frankreich ... in dieser Sprache % Korrekt
France Französisch, Englisch
95%
フランス Japanisch
94%
Francia Galicisch, Italienisch, Spanisch
93%
Франция Bulgarisch, Russisch
91%
法国 Mandarin Chinesisch
90%
Γαλλία Griechisch
85%
فرنسا Arabisch
84%
Franciaország Ungarisch
68%
França Katalanisch, Portugiesisch
65%
Frankrike Norwegisch, Schwedisch
61%
Ranska Finnisch
59%
फ़्रान्स Hindi
55%
Pháp Vietnamesisch
47%
צרפת Hebräisch
43%
Francúzsko Slowakisch
37%
Prantsusmaa Estnisch
30%
Keine übereinstimmenden Quizze gefunden
Verteilung der Resultate
Anzahl Personen mit jedem Resultat
Perzentil nach korrekt beantworteten Fragen
Ihre Resultats-Entwicklung
Sie haben dieses Quiz noch nicht gespielt